000 00826nam a2200229 a 4500
001 56585
003 BD-RjUL
005 20211209080419.0
008 161201s19581955nyua|||| |||| 00| 0 eng d
035 _a(BD-RjUL)56709
040 _aBD-RjUL
_beng
_cBD-RjUL
_dBD-RjUL
041 _aeng
082 _223
_a793.74
_bCAM 1958
100 _aCarroll, Lewis.
_9152401
245 _aMathematical recreations of Lewis Carroll :
_b Symbolic logic ; and, the game of logic (both books bound as one) /
_cLewis Carroll.
260 _aNew York :
_b Dover Publications,
_cc1958
300 _aV. :
_bill. ;
_c20 cm.
505 0 _aV. 1. Symbolic logic and The game of logic. -- v. 2. Pillow problems and A tangled tale.
650 _aMathematical recreations.
_9152402
650 _aLogic, Symbolic and mathematical.
_9168302
942 _2ddc
_cBK
999 _c56585
_d56585